Normal view
MARC view
Entry Personal Name
001 - CONTROL NUMBER
- control field: 31018
003 - CONTROL NUMBER IDENTIFIER
- control field: OSt
005 - DATE AND TIME OF LATEST TRANSACTION
- control field: 20160110143533.0
008 - FIXED-LENGTH DATA ELEMENTS
- fixed length control field: 160110|| aca||aabn | a|a d
040 ## - CATALOGING SOURCE
- Original cataloging agency: OSt
- Transcribing agency: OSt
100 ## - HEADING--PERSONAL NAME
- Personal name: Government of India
670 ## - SOURCE DATA FOUND
- Source citation: Work cat.: (OSt)38416: Government of India, Shankar's Childern's Art Number, 1977









